| 000 | 00441nmm a2200145Ia 4500 | ||
|---|---|---|---|
| 008 | 251105s9999||||xx |||||||||||||||||und|| | ||
| 020 | _a9789587841978 | ||
| 041 | _aspa | ||
| 245 | 0 | _aInnovación pedagógica: El arte de emprender | |
| 264 |
_a[Bogotá, Colombia] : _bUniversidad del Rosario, _c2019 |
||
| 300 | _a124 páginas | ||
| 650 | _aEconomics and Business | ||
| 856 | _uhttps://public.digitaliapublishing.com/a/60563 | ||
| 942 | _cCF | ||
| 999 |
_c96385 _d96385 |
||